[Event "Malambo Semifinal 1 Cat U16"]
[Site "Malambo"]
[Date "2017.03.04"]
[Round "5.10"]
[White "Reyes Revollo, Sebastian de Jesus"]
[Black "Manga Niebles, Jair"]
[Result "1-0"]
[WhiteElo "1109"]
[BlackElo "1533"]
[PlyCount "61"]
[EventDate "2017.03.02"]
[EventType "swiss"]
[EventRounds "6"]
[EventCountry "COL"]
[SourceTitle "EXT 2024"]
[Source "ChessBase"]
[SourceDate "2023.10.10"]
[SourceVersion "1"]
[SourceVersionDate "2023.10.10"]
[SourceQuality "1"]

1. e4 c5 2. Nc3 Nc6 3. Nf3 d6 4. h3 Nf6 5. d3 g6 6. Bg5 Bg7 7. Be2 0-0 8. Qd2 Nd4 9. 0-0 Nxf3+ 10. Bxf3 e6 11. Bh6 d5 12. e5 d4 13. Bg5 h6 14. Bxf6 Bxf6 15. exf6 Qxf6 16. Ne4 Qh4 17. Bg4 f5 18. Bxf5 gxf5 19. Nxc5 Rf7 20. f4 Rg7 21. Qf2 Qxh3 22. Qf3 Qh4 23. Rf2 Rb8 24. Nb3 b6 25. Kf1 Bb7 26. Qh3 Qg4 27. Qxg4 Rxg4 28. Nxd4 Rh4 29. Ke2 e5 30. Nxf5 Rg4 31. Rg1 1-0